00778nam a2200241Ia 4500008004100000020001500041050001400056050001500070245003400085245001900119245004700138260001900185260004200204260000900246300002300255300001100278440004000289440001100329650003500340650002400375999001900399952011800418160319s9999 xx 000 0 und d a971542290x a398.60959 b.P552 2005 aPhilippine folk literature :  bthe riddles /  ccompiled and edited by Damiana L. Eugenio. aQuezon City :  bUniversity of the Philippines Press,  c2005 axliv, 1170 pages : c23 cm. aPhilippine folk literature series ; vvol. 5 aFolk literature -- Philippines aRiddles, Philippine c292389d292389 001040aSSISBbSSISBcFILd2016-03-19l0oFil 398.60959 .P552 2005pUS-2036r2016-03-19 00:00:00w2016-03-19yBK